LEADER 01435nam 2200385 a 450 001 9910700553603321 005 20110613084315.0 035 $a(CKB)5470000002410461 035 $a(OCoLC)730233606 035 $a(EXLCZ)995470000002410461 100 $a20110613d2010 ua 0 101 0 $aeng 135 $aurmn||||||||| 181 $ctxt$2rdacontent 182 $cc$2rdamedia 183 $acr$2rdacarrier 200 10$aDrug safety$b[electronic resource] $eFDA has conducted more foreign inspections and begun to improve its information on foreign establishments, but more progress is needed : report to the Committee on Oversight and Government Reform, House of Representatives 210 1$a[Washington, D.C.] :$cU.S. Govt. Accountability Office,$d[2010] 215 $a1 online resource (ii, 38 pages) $cillustrations 300 $aTitle from PDF title screen (GAO, viewed June 8, 2011). 300 $a"September 2010." 300 $a"GAO-10-961." 320 $aIncludes bibliographical references. 517 $aDrug safety 606 $aDrugs$zUnited States$xSafety measures 606 $aImports$zUnited States 615 0$aDrugs$xSafety measures. 615 0$aImports 712 02$aUnited States.$bCongress.$bHouse.$bCommittee on Oversight and Government Reform. 801 0$bGPO 801 1$bGPO 906 $aBOOK 912 $a9910700553603321 996 $aDrug safety$92379886 997 $aUNINA